LEADER 01273nam a2200205 i 4500 001 000000143757 003 CaOOAMICUS 005 20100316000000.0 008 100316s1537 xx u000 u lat u 013 $a119115 040 $aSeMil$bita 245 13$aDe venatione liber I ; [item :] Ovidius Naso, Halieuticon liber acephalus ; Nemesianus Aurelius Olympius, Cynegeticon liber I et Carmen Bucolicum ; Calpurnius Siculus, Venatio ; Hadrianus cardinalis, Venatio. 260 $aLione :$bapud Sebastianum Gryphium,$c1537. 300 $a9,5 x 15 ;$cpp. 110 ;$crom. 500 $aDescrizione da : Incunaboli e Cinquecentine della Biblioteca del Seminario di Milano / catalogo a cura di Ubaldo Valentini, Milano 1981. - Numero di catalogo : 755. 700 1 $aGrattius : Faliscus,$d.$0(OLS)http://semarc/name/57605 850 $aSeMil 852 $aSeMil$W1$xVenegono$y1$mFV.B V 30$j96803$B96803$CSeMilBibl$Z2$F104202 $86 996 $6245$aDe venatione liber I ; [item :] Ovidius Naso, Halieuticon liber acephalus ; Nemesianus Aurelius Olympius, Cynegeticon liber I et Carmen Bucolicum ; Calpurnius Siculus, Venatio ; Hadrianus cardinalis, Venatio$9(OLS)http://semarc/title/210385 996 $6260$aLione :$bapud Sebastianum Gryphium$9(OLS)http://semarc/publisher/44340 LEADER 01603nam a2200301 i 4500 001 000000362536 003 CaOOAMICUS 005 20250410105455.0 008 250410s2025 gw m u000 u eng u 020 $a978-3-11-135808-6 040 $aSeMil$bita 100 1 $aPotter, Jonathan M.,$d<1982- >.$0(OLS)http://semarc/name/121877 245 10$aRewritten gospel :$bthe composition of Luke and rewritten scripture /$cJonathan M. Potter. 264 1$aBerlin ; Boston :$bDe Gruyter,$c2025. 300 $aXVIII, 334 p ;$c24 cm 490 1 $aBeihefte zur Zeitschrift für die neutestamentliche Wissenschaft ;$v267 502 $aTesto rivisto della tesi, Emory University, 2019 504 $aBibliographie, p. 289-304 650 04$aBibbia. Nuovo Testamento. Vangelo secondo Luca - Analisi narrativa e linguistica.$0(OLS)http://semarc/subject/35129 650 4$aBibbia. Nuovo Testamento. Vangelo secondo Luca - Commentari, studi, critica, interpretazioni.$0(OLS)http://semarc/subject/142 650 4$aBibbia - NT - Redazione del testo.$0(OLS)http://semarc/subject/11698 830 0$aBeihefte zur Zeitschrift für die neutestamentliche Wissenschaft ;$v267.$0(OLS)http://semarc/title/420948 850 $aSeMil 852 $aSeMil$W1$xVenegono$y1$m2XA R 267$j255939$B253449$CSeMilBibl$Z2$F253449 $81 996 $6020$a978-3-11-135808-6$9(OLS)http://semarc/number/302992 996 $6245$aRewritten gospel :$bthe composition of Luke and rewritten scripture$9(OLS)http://semarc/title/453462 996 $6264$aBerlin ; Boston :$bDe Gruyter$9(OLS)http://semarc/publisher/36449